000
00189 a2200097 4500
020
_a
9780593531150
041
_a
spa
100
_a
Archer,Micha
245
_a
Caminantes Curiosos
942
_c
BK
999
_c
31832
_d
31830